| 000 | 01761nam a2200241 a 4500 | ||
|---|---|---|---|
| 001 | BS0000880 | ||
| 003 | BR-BrBNA | ||
| 005 | 20230418192147.0 | ||
| 008 | 230308b |||||||| |||| 00| 0 por d | ||
| 040 |
_aBR-BrBNA _bpor _cBiblioteca Nacional de Agricultura |
||
| 041 | _apor | ||
| 072 | _aB59 | ||
| 090 | _aB59 BS0000880 | ||
| 100 | 1 | _aMello, de Anthony. | |
| 245 | 1 | _aDespertanto para o Eu / | |
| 260 | 3 |
_aSão Paulo, SP: _bSiciliano, _c1991. |
|
| 300 | _a206 p. | ||
| 500 | _aTítulo Original: Awareness. Tradução de Conceição Aparecida Gimenez.. | ||
| 520 | 3 | _aUm dia após sua ordenação como jesuíta na Índia, Anthony de Mello fez um juramento para si mesmo - aprender a ajudar as pessoas para que seu aconselhamento não fosse inútil. De Mello aprendeu mesmo. E o que aprendeu, ensinou através de seus famosos livros e mais diretamente nas palestras que fez pelo mundo todo. O seu objetivo era ensinar a importância da consciência: do despertar em relação às ilusões sobre nós mesmos, sobre o mundo e sobre os outros, perceber que somos a felicidade que procuramos. Este é o manual espiritual que de Mello ofereceu a todos aqueles que procuram esse estado "desperto". A prática que ele descreve é muito mais difícil do que parece. Usando de humor, paixão e discernimento, ele nos ensina a não temer o desafio, mas aceitá-lo como parte de nossa jornada em direção ao mais completo auto-entendimento e às recompensas que recebemos vivendo uma vida "consciente". "Você começa a conhecer coisas que não podem ser descritas", diz. é o que chamam de felicidade." É aqui que se inicia o caminho cujo melhor guia é esse mestre sem igual. | |
| 650 | _aOCULTISMO | ||
| 909 |
_a202304 _bSergio Santos _c56 _dSergio Santos |
||
| 942 | _cBK | ||
| 999 |
_c7957 _d7957 |
||